Politics in the Semi-periphery: Eqrly Parliamentarism and late Industrialisation in the Balkans and Latin America (Record no. 57581)

MARC details
000 -LEADER
fixed length control field 00468nam a2200157Ia 4500
008 - FIXED-LENGTH DATA ELEMENTS--GENERAL INFORMATION
fixed length control field 230917s9999||||xx |||||||||||||| ||und||
020 ## - ISBN
Price POU30
040 ## - CATALOGING SOURCE
-- 9379
Original cataloging agency VIVEKANANDA LIBRARY
041 ## - Language
-- English
082 ## - DDC NUMBER
Classification number 320.9496 M868P
100 ## - MAIN ENTRY--PERSONAL NAME
Personal name Mouzelis, Nicos P.
245 #0 - TITLE STATEMENT
Title Politics in the Semi-periphery: Eqrly Parliamentarism and late Industrialisation in the Balkans and Latin America
260 ## - PUBLICATION, DISTRIBUTION, ETC. (IMPRINT)
Place of publication, distribution, etc Houndmills
Name of publisher, distributor, etc Macmillan
Date of publication, distribution, etc 1986
300 ## - PHYSICAL DESCRIPTION
Pages xix, 284 p.
942 ## - ADDED ENTRY ELEMENTS (KOHA)
Koha item type Books
Holdings
Withdrawn status Lost status Damaged status Not for loan Location (home branch) Sublocation or collection (holding branch) Date acquired Koha issues (times borrowed) Koha full call number Accession No. Koha date last seen Koha item type
        VIVEKANANDA LIBRARY VIVEKANANDA LIBRARY 08/08/2002   320.9496 M868P 127881 17/09/2023 Books
© Designed and Maintained by Vivekananda Library, MDU Rohtak